1829 1971 1710 1060 1021 1674 1653 1562 1057 1539 1322 1153 1799 1183 1037 1207 1799 1366 1776 1831 1355 1545 1288 1144 1528 1451 1018 1876 1439 1085 1846 1343 1471 1152 1136 1043 1488 1499 1697 1123 1326 1075 1178 1161 1009 1094 1540 1499 1146 1257 1635 1774 1890 1901 1917 1812 1598 1588 1837 1393 1996 1701 1925 1545 1852 1354 1102 1611 1401 1579 1535 1560 1277 1909 1897 1961 1790 1427 1862 1786 1774 1201 1267 1870 1323 1987 1840 1992 1695 1231 1202 1483 1854 1706 1882 1430 1631 1533 1443 BCNSPRNW ULIB Ver.6.0+V

เปลี่ยนเป็นภาษาไทย

Change to English
 แสดงรายละเอียดบรรณานุกรม
  กลับหน้าหลัก

Brief Record : Get Marc (ISO 2709) : E-mail record : QR code < ปิดหน้าต่าง
LEADER : 00000nam 2200000uu 4500
001    13399123233
003     ULIB
008    020711s2554 th a 000 0 tha d
050 14 LB1027^bส111ค
110    กระทรวงการท่องเที่ยวและกีฬา.^bกรมพลศึกษา.^bสถาบันพัฒนาบุคลากรการพลศึกษาและการกีฬา.
245    คู่มือผู้ฝึกสอนกีฬาคาราเต้โด/^cสถาบันพัฒนาบุคลากรการพลศึกษาและการกีฬา
260    กรุงเทพฯ :^bโรงพิมพ์สหกรณ์การเกษตรแห่งประเทศไทย,^c2554
300    59 หน้า;^b26 ซม.
650    คาราเต้โด
945    ^p0^l0^i20364
999    ^aทศพร เกษรทอง
รายการนี้ยังไม่มีแท็ก
คุณยังไม่ได้ล็อกอิน คุณสามารถมีกิจกรรมร่วมกับเว็บไซต์ได้ แต่ต้องล็อกอินก่อน ::
  ล็อกอิน

รายการสื่อสารสนเทศ

ลำดับที่ ประเภท เลขเรียก/บาร์โค้ด สถานที่ สถานะ
1. การศึกษาทั่วไป
การศึกษาทั่วไป
LB1027 ส111ค ฉ.1 
  Barcode: 20364
ห้องสมุดวิทยาเขตนครสวรรค์
►หนังสือทั่วไป:l:General Books
บนชั้น
Note:อภินันทนาการ

BibComment


ยังไม่เคยถูกคอมเมนท์

คอมเมนท์ทรัพยากรรายการนี้
  คอมเมนท์: คู่มือผู้ฝึกสอนกี..


 Copyright 2026. Bcnsprnw @Library